[Event "EU-ch Hybrid U10"]
[Site "Tornelo INT"]
[Date "2021.10.15"]
[Round "1"]
[White "Nalbandian, David"]
[Black "Brzezina, Piotr"]
[Result "0-1"]
[WhiteElo "1058"]
[BlackElo "1418"]
[PlyCount "100"]
[EventDate "2021.10.15"]
[EventType "swiss"]
[EventRounds "9"]
[EventCountry "NET"]
[SourceTitle "EXT 2023"]
[Source "ChessBase"]
[SourceDate "2022.10.05"]
[SourceVersion "1"]
[SourceVersionDate "2022.10.05"]
[SourceQuality "1"]
[WhiteTeam "Russia"]
[BlackTeam "Poland"]
[WhiteTeamCountry "RUS"]
[BlackTeamCountry "POL"]

1. e4 e5 2. Nf3 Nc6 3. Bc4 Bc5 4. b4 Bxb4 5. c3 Ba5 6. 0-0 Nge7 7. d4 exd4 8. cxd4 0-0 9. d5 Nb8 10. Bg5 d6 11. Qa4 Bb6 12. Nc3 f6 13. Be3 Nd7 14. a3 Ng6 15. Bb5 Bxe3 16. fxe3 Nc5 17. Qd4 Nb3 18. Qc4 Nxa1 19. Rxa1 Ne5 20. Nxe5 fxe5 21. Rf1 Rxf1+ 22. Qxf1 Bd7 23. Qb1 Bxb5 24. Qxb5 Rb8 25. a4 a6 26. Qb2 Qg5 27. Qe2 Rf8 28. h3 Qg3 29. a5 Qg5 30. Kh2 Qf6 31. Kg1 Qg5 32. Kh1 Ra8 33. Kh2 Qd8 34. Qc4 b5 35. Qc6 b4 36. Na4 Qe8 37. Qxe8+ Rxe8 38. Kg3 Rf8 39. Kg4 Rf2 40. g3 Ra2 41. Nb6 b3 42. Nc4 b2 43. Nxb2 Rxb2 44. Kf5 Kf7 45. g4 Rf2+ 46. Kg5 h6+ 47. Kh5 Re2 48. h4 Rxe3 49. g5 g6+ 50. Kg4 h5# 0-1